000 00556nam a22002177a 4500
003 UA-OsUOA
001 37846
007 ta
008 20060411b un ||||| |||| 00| 0 ukr d
100 _aБатыршин И.
090 _a32
_bБ11
942 _cSA
040 _aUA-OsUOA
_brus
_cUA-OsUOA
_dUA-OsUOA
245 _aКонтролируют ли США мировой рынок нефти?
300 _aС.63-67
955 _a0
041 _arus
080 _a32
773 0 _w37845
_tВласть
_dМ.
_d2006
_g2
650 7 _a32 Політика
_2UDC
999 _c324011
_d324011